Parkside Clubs (Nottingham) Ltd v Armgrade Ltd (Record no. 5565)

MARC details
000 -LEADER
fixed length control field 01112cab a2200229 4500
001 - CONTROL NUMBER
control field ABS54199
008 - FIXED-LENGTH DATA ELEMENTS--GENERAL INFORMATION
fixed length control field 090401t1995 xxu||||| |||| 00| 0 eng d
035 ## - SYSTEM CONTROL NUMBER
System control number (Sirsi) u8980
041 ## - LANGUAGE CODE
Language code of text/sound track or separate title eng
245 ## - TITLE STATEMENT
Title Parkside Clubs (Nottingham) Ltd v Armgrade Ltd
260 ## - PUBLICATION, DISTRIBUTION, ETC.
Date of publication, distribution, etc. 1995
350 ## - PRICE (NR) (BK AM CF MU VM SE) [OBSOLETE]
Price 0
490 ## - SERIES STATEMENT
Series statement Estates Gazette
Volume/sequential designation (1995) 48 EG 104-106(3)
520 ## - SUMMARY, ETC.
Summary, etc. CA 27 June 1995. By a lease dated 19 December 1988, the respondents, Armgrade Ltd, as landlords, let to the appellant, Parkside Clubs (Nottingham) Ltd, as tenant, a casino and licensed restaurant. Deciding whether necessary licences have been granted to tenant under hypothetical letting. Examined meaning of `the tenant`. The tenant appealed. Appeal allowed on the true construction of paragraph 3(A)(v) of the third schedule to the lease, the reference to `the Tenant` is a reference only to the actual tenant under the lease.
650 ## - SUBJECT ADDED ENTRY--TOPICAL TERM
Topical term or geographic name entry element CASINO
650 ## - SUBJECT ADDED ENTRY--TOPICAL TERM
Topical term or geographic name entry element CONSTRUCTION OF CLAUSE
650 ## - SUBJECT ADDED ENTRY--TOPICAL TERM
Topical term or geographic name entry element HYPOTHETICAL TENANTS
650 ## - SUBJECT ADDED ENTRY--TOPICAL TERM
Topical term or geographic name entry element RENT REVIEWS
690 ## - LOCAL SUBJECT ADDED ENTRY--TOPICAL TERM (OCLC, RLIN)
Topical term or geographic name as entry element LANDLORD AND TENANT-CASE LAW-RENT REVIEWS
942 ## - ADDED ENTRY ELEMENTS (KOHA)
Suppress in OPAC 0
948 ## - LOCAL PROCESSING INFORMATION (OCLC); SERIES PART DESIGNATOR (RLIN)
c (OCLC) 04/03/1997
Holdings
Withdrawn status Lost status Source of classification or shelving scheme Damaged status Not for loan Home library Current library Shelving location Date acquired Total Checkouts Full call number Barcode Date last seen Copy number Price effective from Koha item type
    Dewey Decimal Classification     London London Journal article 14/09/1999   ABS54199 8980-1001 06/08/2019 1 06/08/2019 Law report